000
00187 a2200097 4500
020
_a
9780794541446
041
_a
eng
100
_a
Milbourne, Anna
245
_a
Double Trouble
942
_c
BK
999
_c
31662
_d
31660